| 000 | 00985cab a2200277 4500 | ||
|---|---|---|---|
| 001 | ABS51660 | ||
| 008 | 090401t1994 xxu||||| |||| 00| 0 eng d | ||
| 035 | _a(Sirsi) u38011 | ||
| 041 | _aeng | ||
| 245 | _aBuilding homes | ||
| 260 | _c1994 | ||
| 300 | _aLOAN | ||
| 350 | _a0 | ||
| 490 |
_aBuilding _vSupplement 25 November 1994, (35) |
||
| 520 | _aExamines the housebuilding industry looking at what buyers require, new products, a refurbishment project involving demolishing a property except for its facade and building a new timber-framed structure in its place, the implications of the expansion of self-builders and the receivership of Pilcher Homes. | ||
| 650 | _aCOSTS | ||
| 650 | _aFACADE RETENTION | ||
| 650 | _aNEW HOMES | ||
| 650 | _aPILCHER HOMES | ||
| 650 | _aBUILT ENVIRONMENT-BUILDING MAINTENANCE AND REFURBISHMENT | ||
| 650 | _aSELF BUILD | ||
| 650 | _aTIMBER-FRAMED BUILDINGS | ||
| 690 | _aBUILT ENVIRONMENT | ||
| 942 | _n0 | ||
| 948 | _c04/03/1997 | ||
| 999 |
_c24434 _d24434 |
||